| 000 | 00752nam a22002297a 4500 | ||
|---|---|---|---|
| 003 | DO-SdBNP | ||
| 005 | 20240228134240.0 | ||
| 008 | 201126b 1976 dr a c 00| 0 eng d | ||
| 040 |
_aDO-SdBNP _bspa _cBNPHU |
||
| 082 | 4 | _222 | |
| 100 | 1 |
_aConcepción, Mario _92178 |
|
| 245 | 1 | 0 |
_aLa Concepción de La Vega o la Pompeya de América / _cMario Concepción ; presentación Francisco Torres Petiton. |
| 260 |
_aSanto Domingo : _bRevista Ahora, _c1976. |
||
| 300 |
_a18 p. : _bil. retrs. ; _c22 cm. |
||
| 490 | 1 |
_aVega vieja ; _v2 |
|
| 504 | _aBibliografía : p. 14-18 | ||
| 590 | _aInventariado, 2020 /LP | ||
| 700 | 1 |
_aTorres Petiton, Francisco, _epresent. _937859 |
|
| 830 | 0 |
_aVega vieja _n2 _977430 |
|
| 910 | _aLopérez | ||
| 942 |
_2ddc _cLBS1 |
||
| 999 |
_c49208 _d49208 |
||